000 00758nam a2200229Ii 4500
003 JO-AjNU
008 230605s9999||||xx |||||||||||||| ||und||
017 _a2017/6/3078
020 _a978-9957-22-734-0
040 _aJO-AjNU
_bara
_erda
_cJO-AjNU
041 _aara
050 1 4 _aHD30.23.K424.2018
100 3 _aتاليف الخفاف، ايمان عباس,
_eauthor
_963179
245 0 0 _aمهارات اتخاذ القرار ونظرياته
250 _aط1
264 3 1 _aعمان: دار اسامة للنشر والتوزيع، 2018
300 _a280ص
336 _atext
_btxt
_2rdacontent
337 _aunmediated
_bn
_2rdamedia
338 _avolume
_bnc
_2rdacarrier
650 4 _aالقرار الاداري-ادارة الاعمال
_963180
999 _aA28644
_c32212
_d32212